[Event "Panama City Chess Rumble op"]
[Site "Panama City"]
[Date "2017.11.04"]
[Round "3"]
[White "Delgado Ramos, Hector"]
[Black "Andrade Truyol, Geiner Jose"]
[Result "1-0"]
[WhiteElo "2445"]
[BlackElo "1997"]
[PlyCount "77"]
[EventDate "2017.11.04"]
[EventType "game (blitz)"]
[EventRounds "9"]
[EventCountry "PAN"]
[SourceTitle "CBM 181 Extra"]
[Source "ChessBase"]
[SourceDate "2017.12.12"]
[SourceVersion "1"]
[SourceVersionDate "2017.12.12"]
[SourceQuality "1"]

1. Nf3 Nf6 2. c4 c5 3. Nc3 b6 4. g3 Bb7 5. Bg2 e6 6. 0-0 Be7 7. Re1 d6 8. e4 Nbd7 9. d4 cxd4 10. Nxd4 Qc7 11. b3 a6 12. Bb2 Rc8 13. Nd5 Nxd5 14. exd5 e5 15. Nf5 Bf6 16. Ba3 Nc5 17. b4 Nd7 18. b5 Nc5 19. bxa6 Ba8 20. Bxc5 bxc5 21. Qa4+ Kf8 22. Rab1 g6 23. Ne3 h5 24. Rb3 Kg7 25. Reb1 h4 26. a7 hxg3 27. hxg3 Bg5 28. Qa6 Bxe3 29. Rxe3 f5 30. Reb3 Kf6 31. Rb6 Rcd8 32. Qa3 g5 33. Ra6 g4 34. Qb2 Rd7 35. Qb6 Rc8 36. Qxc7 Rcxc7 37. Rb8 Rxa7 38. Rxa8 Rxa8 39. Rxa8 1-0

[Event "Panama City Chess Rumble op"]
[Site "Panama City"]
[Date "2017.11.04"]
[Round "8"]
[White "Delgado Ramos, Hector"]
[Black "Rambaldi, Francesco"]
[Result "0-1"]
[WhiteElo "2445"]
[BlackElo "2574"]
[PlyCount "84"]
[EventDate "2017.11.04"]
[EventType "game (blitz)"]
[EventRounds "9"]
[EventCountry "PAN"]
[SourceTitle "CBM 181 Extra"]
[Source "ChessBase"]
[SourceDate "2017.12.12"]
[SourceVersion "1"]
[SourceVersionDate "2017.12.12"]
[SourceQuality "1"]

1. d4 d5 2. c4 e6 3. Nc3 Nf6 4. Nf3 Nbd7 5. cxd5 exd5 6. Bg5 h6 7. Bh4 c6 8. e3 g5 9. Bg3 Nh5 10. Bd3 Nxg3 11. hxg3 Bg7 12. Qc2 Nb6 13. b3 Be6 14. a4 a5 15. Rb1 Nc8 16. b4 axb4 17. Rxb4 Nd6 18. 0-0 0-0 19. Rfb1 Ra7 20. Ne5 Qa5 21. f4 f5 22. R4b3 g4 23. Qb2 Rc8 24. Rb6 Bf6 25. Qb4 Qxb4 26. R6xb4 Rca8 27. Bf1 Bd8 28. Nd3 Bc8 29. Nc5 Kf7 30. Bd3 Kf6 31. R4b3 Ke7 32. Kf2 Kf6 33. Ne2 Rb8 34. Rc1 Ne4+ 35. Bxe4 fxe4 36. Rcb1 b6 37. Nc3 Ke7 38. Rh1 Rba8 39. Rxh6 bxc5 40. Rxc6 cxd4 41. Nxd5+ Kd7 42. Rh6 dxe3+ 0-1

[Event "Capablanca Memorial op 52nd"]
[Site "Matanzas"]
[Date "2017.05.28"]
[Round "2"]
[White "Torres Rosas, Luis Carlos"]
[Black "Delgado Ramos, Hector"]
[Result "1/2-1/2"]
[WhiteElo "2360"]
[BlackElo "2447"]
[PlyCount "41"]
[EventDate "2017.05.27"]
[EventType "swiss"]
[EventRounds "10"]
[EventCountry "CUB"]
[SourceTitle "EXT 2018"]
[Source "ChessBase"]
[SourceDate "2017.10.13"]
[SourceVersion "1"]
[SourceVersionDate "2017.10.13"]
[SourceQuality "1"]

1. d4 d5 2. c4 c6 3. Nc3 Nf6 4. e3 e6 5. Nf3 Nbd7 6. Qc2 b6 7. Be2 Bb7 8. 0-0 Be7 9. e4 dxe4 10. Nxe4 c5 11. Nxf6+ Bxf6 12. Be3 0-0 13. Rad1 Qe7 14. d5 exd5 15. cxd5 Ne5 16. Bf4 Rad8 17. Nxe5 Bxe5 18. Qe4 Rfe8 19. Bb5 Bxf4 20. Qxf4 Qe5 21. Qa4 1/2-1/2

[Event "Capablanca Memorial op 51st"]
[Site "Varadero"]
[Date "2016.06.09"]
[Round "1"]
[White "Delgado Ramos, Hector"]
[Black "Gutierrez Delgado, Yusuan Alfredo"]
[Result "0-1"]
[WhiteElo "2453"]
[BlackElo "2342"]
[PlyCount "90"]
[EventDate "2016.06.09"]
[EventType "swiss"]
[EventRounds "10"]
[EventCountry "CUB"]
[SourceTitle "EXT 2017"]
[Source "ChessBase"]
[SourceDate "2016.10.25"]
[SourceVersion "1"]
[SourceVersionDate "2016.10.25"]
[SourceQuality "1"]

1. d4 Nf6 2. c4 e6 3. Nc3 Bb4 4. Qc2 0-0 5. a3 Bxc3+ 6. Qxc3 b6 7. Bg5 Bb7 8. e3 d6 9. Ne2 Nbd7 10. Qc2 c5 11. Rd1 Qc7 12. Nc3 cxd4 13. Rxd4 d5 14. cxd5 Bxd5 15. Qd1 Bc6 16. f3 Nd5 17. Nxd5 Bxd5 18. e4 Bc6 19. Be7 Rfe8 20. Bd6 Qb7 21. Be2 a5 22. 0-0 a4 23. Qd2 Nc5 24. Qb4 Nb3 25. Rdd1 Rec8 26. Be5 Be8 27. Bc3 Rd8 28. Rd6 Rxd6 29. Qxd6 Qc6 30. Qxc6 Bxc6 31. Rd1 Rc8 32. Ba6 Ra8 33. Rd6 h6 34. Be2 Rc8 35. Kf2 Nc5 36. Ke3 Kf8 37. Rd1 f6 38. e5 Ke7 39. Bc4 Bb7 40. Rd6 Rc6 41. Rxc6 Bxc6 42. g4 f5 43. gxf5 exf5 44. Bb4 g5 45. f4 Bd7 0-1

[Event "Capablanca Memorial op-A 48th"]
[Site "Havana"]
[Date "2013.04.30"]
[Round "9"]
[White "Oliva Castaneda, Kevel"]
[Black "Delgado Ramos, Hector"]
[Result "0-1"]
[WhiteElo "2376"]
[BlackElo "2455"]
[PlyCount "46"]
[EventDate "2013.04.21"]
[EventType "swiss"]
[EventRounds "10"]
[EventCountry "CUB"]
[SourceTitle "CBM 154 Extra"]
[Source "ChessBase"]
[SourceDate "2013.06.25"]
[SourceVersion "2"]
[SourceVersionDate "2013.06.25"]
[SourceQuality "1"]

1. Nf3 d5 2. d4 Nf6 3. c4 c6 4. e3 Bf5 5. Nc3 e6 6. Nh4 Bg6 7. Be2 Nbd7 8. 0-0 Ne4 9. Nxg6 hxg6 10. cxd5 exd5 11. Nxe4 dxe4 12. d5 Bd6 13. h3 c5 14. Qa4 f5 15. Bb5 Rxh3 16. Bxd7+ Kf8 17. Rd1 Qg5 18. Kf1 Rh2 19. Ke2 Qxg2 20. Kd2 Qxf2+ 21. Kc3 Qe2 22. Rd2 Qxe3+ 23. Kc2 Qd3+ 0-1

[Event "Capablanca Memorial op-A 48th"]
[Site "Havana"]
[Date "2013.04.29"]
[Round "8"]
[White "Delgado Ramos, Hector"]
[Black "Martin Del Campo C, Roberto Abel"]
[Result "1-0"]
[WhiteElo "2455"]
[BlackElo "2400"]
[PlyCount "115"]
[EventDate "2013.04.21"]
[EventType "swiss"]
[EventRounds "10"]
[EventCountry "CUB"]
[SourceTitle "CBM 154 Extra"]
[Source "ChessBase"]
[SourceDate "2013.06.25"]
[SourceVersion "2"]
[SourceVersionDate "2013.06.25"]
[SourceQuality "1"]

1. d4 Nf6 2. c4 g6 3. Nc3 Bg7 4. e4 d6 5. Nf3 0-0 6. Be2 Bg4 7. Ng1 Bxe2 8. Ngxe2 e5 9. d5 c6 10. f3 Qb6 11. Qb3 Qa6 12. Be3 Nbd7 13. Qa4 Qxa4 14. Nxa4 c5 15. Rb1 Rfc8 16. Kd2 Ne8 17. Nac3 Nc7 18. a3 Bf8 19. b4 Na6 20. Kd3 Nb6 21. Nb5 Be7 22. Rhc1 Nd7 23. Rc2 Kg7 24. Nc1 f5 25. Nc3 f4 26. Bf2 g5 27. Na4 b6 28. bxc5 Naxc5+ 29. Bxc5 Nxc5+ 30. Nxc5 Rxc5 31. Na2 Bd8 32. Rb5 Rcc8 33. Rb3 Bc7 34. Nb4 Kf6 35. Nc6 a5 36. Rcb2 Ra6 37. a4 Rg8 38. c5 dxc5 39. Kc4 g4 40. Rd2 gxf3 41. gxf3 Bd6 42. Rbb2 Rg1 43. Rg2 Rxg2 44. Rxg2 Ra8 45. Kb5 Bc7 46. Rg1 Rf8 47. Rd1 Bd6 48. Kxb6 Rg8 49. Nxa5 Ke7 50. Nb7 c4 51. Rc1 Rc8 52. a5 Ba3 53. Rc2 c3 54. a6 Kd7 55. a7 Bb4 56. Kb5 Kc7 57. Kxb4 Kxb7 58. Rxc3 1-0

[Event "Capablanca Memorial op-A 48th"]
[Site "Havana"]
[Date "2013.04.25"]
[Round "5"]
[White "Swinkels, Robin"]
[Black "Delgado Ramos, Hector"]
[Result "1-0"]
[WhiteElo "2522"]
[BlackElo "2455"]
[PlyCount "105"]
[EventDate "2013.04.21"]
[EventType "swiss"]
[EventRounds "10"]
[EventCountry "CUB"]
[SourceTitle "CBM 154 Extra"]
[Source "ChessBase"]
[SourceDate "2013.06.25"]
[SourceVersion "2"]
[SourceVersionDate "2013.06.25"]
[SourceQuality "1"]

1. d4 d5 2. c4 c6 3. Nf3 Nf6 4. Nc3 dxc4 5. a4 Bf5 6. Ne5 Nbd7 7. Nxc4 Qc7 8. g3 e5 9. dxe5 Nxe5 10. Bf4 Nfd7 11. Bg2 g5 12. Ne3 gxf4 13. Nxf5 fxg3 14. hxg3 0-0-0 15. Qc2 Nf6 16. Ne3 Bc5 17. Qf5+ Nfd7 18. Ng4 Nxg4 19. Qxg4 Kb8 20. Qf5 Bd4 21. Ne4 Ne5 22. 0-0 Qd7 23. Qf4 Qg4 24. e3 Bxb2 25. Qxg4 Nxg4 26. Rab1 Ba3 27. Ng5 Rhg8 28. Bxc6 Rxg5 29. Rxb7+ Kc8 30. Rxf7 Ne5 31. Bb7+ Kb8 32. Rxh7 Rd7 33. Rb1 Rxh7 34. Be4+ Kc8 35. Bxh7 Nd7 36. Kg2 Ra5 37. Bc2 Rc5 38. Bd3 Nb6 39. Rb3 Bc1 40. a5 Nd5 41. a6 Kd7 42. Rb7+ Rc7 43. Bf5+ Kd8 44. e4 Nf6 45. e5 Nd7 46. Bxd7 Kxd7 47. Rxc7+ Kxc7 48. Kf3 Kb6 49. g4 Kxa6 50. e6 Bg5 51. Ke4 Kb6 52. Kf5 Be7 53. g5 1-0

[Event "Capablanca Memorial op-A 48th"]
[Site "Havana"]
[Date "2013.04.23"]
[Round "3"]
[White "Pina Vega, Sulennis"]
[Black "Delgado Ramos, Hector"]
[Result "1/2-1/2"]
[WhiteElo "2332"]
[BlackElo "2455"]
[PlyCount "41"]
[EventDate "2013.04.21"]
[EventType "swiss"]
[EventRounds "10"]
[EventCountry "CUB"]
[SourceTitle "CBM 154 Extra"]
[Source "ChessBase"]
[SourceDate "2013.06.25"]
[SourceVersion "2"]
[SourceVersionDate "2013.06.25"]
[SourceQuality "1"]

1. e4 c5 2. Nf3 g6 3. g3 Bg7 4. Bg2 Nc6 5. 0-0 e5 6. c3 Nge7 7. Na3 0-0 8. Nc2 Qb6 9. Rb1 d5 10. exd5 Nxd5 11. Ng5 Qd8 12. Ne4 b6 13. Ne3 Nce7 14. c4 Nc7 15. Nc3 Bd7 16. b4 cxb4 17. Rxb4 Bc6 18. Ba3 Bxg2 19. Kxg2 Nc6 20. Rb1 Re8 21. Ned5 1/2-1/2

[Event "Barcelona Sants op 13th"]
[Site "Barcelona"]
[Date "2011.08.28"]
[Round "10"]
[White "Delgado Ramos, Hector"]
[Black "Cordova, Emilio"]
[Result "1-0"]
[WhiteElo "2488"]
[BlackElo "2567"]
[PlyCount "97"]
[EventDate "2011.08.19"]
[EventType "swiss"]
[EventRounds "10"]
[EventCountry "ESP"]
[SourceTitle "CBM 144 Extra"]
[Source "ChessBase"]
[SourceDate "2011.10.28"]
[SourceVersion "1"]
[SourceVersionDate "2011.10.28"]
[SourceQuality "1"]

1. d4 Nf6 2. c4 e6 3. Nc3 Bb4 4. a3 Bxc3+ 5. bxc3 0-0 6. e3 b6 7. Bd3 Bb7 8. f3 c5 9. e4 Nc6 10. Ne2 Ne8 11. 0-0 Na5 12. Ng3 Ba6 13. f4 Bxc4 14. Bxc4 Nxc4 15. f5 f6 16. Rf4 Qe7 17. Rh4 exf5 18. Nxf5 Qf7 19. Qg4 Kh8 20. Rh3 g6 21. Nh4 Rg8 22. Nf3 Ncd6 23. Bg5 Qe6 24. Qh4 Rg7 25. Bh6 Re7 26. e5 Nf5 27. Qf4 d6 28. Re1 dxe5 29. dxe5 Qf7 30. Rf1 Nxh6 31. Rxh6 Kg8 32. Qh4 Re6 33. Qe4 Qg7 34. Rxh7 Kxh7 35. Qxa8 g5 36. Qe4+ Qg6 37. Qg4 Re7 38. exf6 Nxf6 39. Nxg5+ Kg7 40. Qf4 Nd7 41. h4 Nf6 42. Qd6 Ng8 43. Qb8 Nf6 44. Qf4 Nh7 45. Rf3 Nf6 46. Rg3 Kh8 47. Nf3 Qb1+ 48. Kh2 Re6 49. Ng5 1-0

[Event "Barcelona Sants op 13th"]
[Site "Barcelona"]
[Date "2011.08.27"]
[Round "9"]
[White "Kovalyov, Anton"]
[Black "Delgado Ramos, Hector"]
[Result "1/2-1/2"]
[WhiteElo "2612"]
[BlackElo "2488"]
[PlyCount "109"]
[EventDate "2011.08.19"]
[EventType "swiss"]
[EventRounds "10"]
[EventCountry "ESP"]
[SourceTitle "CBM 144 Extra"]
[Source "ChessBase"]
[SourceDate "2011.10.28"]
[SourceVersion "1"]
[SourceVersionDate "2011.10.28"]
[SourceQuality "1"]

1. Nf3 d5 2. d4 c6 3. c4 Nf6 4. e3 Bf5 5. Nc3 e6 6. Nh4 Bg6 7. Be2 Nbd7 8. 0-0 Ne4 9. Nxg6 hxg6 10. cxd5 exd5 11. Nxe4 dxe4 12. d5 Bd6 13. g3 c5 14. Qa4 Qe7 15. Bb5 0-0-0 16. Bxd7+ Rxd7 17. b4 Qe5 18. bxc5 Bxc5 19. Ba3 Bxa3 20. Qxa7 Bd6 21. Rfc1+ Kd8 22. Qa8+ Bb8 23. Rab1 Ke7 24. Rxb7 Rhd8 25. Rxd7+ Kxd7 26. a4 Ke7 27. Qb7+ Rd7 28. Qb4+ Bd6 29. Qb5 Ba3 30. Rd1 Qb2 31. Qc6 Bd6 32. a5 Rc7 33. Qa4 Qc2 34. Qa1 Qc3 35. Qb1 Qc2 36. Qa1 Qc3 37. Qb1 f5 38. a6 Qa5 39. Qb2 Qc3 40. Qxc3 Rxc3 41. Ra1 Rc8 42. a7 Ra8 43. Ra6 Kd7 44. h4 Be5 45. Rxg6 Rxa7 46. Rg5 Kd6 47. Rxf5 Kxd5 48. Kg2 Ra2 49. Rg5 Ke6 50. Rg4 Kf5 51. Rg5+ Kf6 52. Rg4 Ra4 53. Kf1 Ke6 54. Kg2 Bf6 55. Rf4 1/2-1/2

[Event "Sabadell op 4th"]
[Site "Sabadell"]
[Date "2011.08.16"]
[Round "7"]
[White "Delgado Ramos, Hector"]
[Black "Pulvett Marin, Daniel Eduardo"]
[Result "1/2-1/2"]
[WhiteElo "2488"]
[BlackElo "2303"]
[PlyCount "50"]
[EventDate "2011.08.10"]
[EventType "swiss"]
[EventRounds "9"]
[EventCountry "ESP"]
[SourceTitle "CBM 144 Extra"]
[Source "ChessBase"]
[SourceDate "2011.10.28"]
[SourceVersion "1"]
[SourceVersionDate "2011.10.28"]
[SourceQuality "1"]

1. d4 Nf6 2. c4 g6 3. Nc3 d5 4. Bg5 Ne4 5. Bh4 Nxc3 6. bxc3 Bg7 7. e3 c5 8. cxd5 Qxd5 9. Nf3 cxd4 10. cxd4 Nc6 11. Be2 e5 12. dxe5 Qa5+ 13. Qd2 Qxd2+ 14. Kxd2 Nxe5 15. Nxe5 Bxe5 16. Rab1 0-0 17. Rb5 Bg7 18. Bf3 Bh6 19. Rc1 Bd7 20. Rb2 Rac8 21. Rxc8 Rxc8 22. Ke2 Rc4 23. Bg3 Bc6 24. Kd3 Rc1 25. Bxc6 Rxc6 1/2-1/2

[Event "Sabadell op 4th"]
[Site "Sabadell"]
[Date "2011.08.14"]
[Round "4"]
[White "Jaksland, Tim"]
[Black "Delgado Ramos, Hector"]
[Result "1/2-1/2"]
[WhiteElo "2304"]
[BlackElo "2488"]
[PlyCount "20"]
[EventDate "2011.08.10"]
[EventType "swiss"]
[EventRounds "9"]
[EventCountry "ESP"]
[SourceTitle "CBM 144 Extra"]
[Source "ChessBase"]
[SourceDate "2011.10.28"]
[SourceVersion "1"]
[SourceVersionDate "2011.10.28"]
[SourceQuality "1"]

1. e4 c5 2. Nc3 Nc6 3. Bb5 e6 4. Bxc6 bxc6 5. d3 Ne7 6. f4 Ng6 7. Nf3 Qc7 8. 0-0 f5 9. exf5 exf5 10. Ng5 Ne7 1/2-1/2

[Event "Badalona op 37th"]
[Site "Badalona"]
[Date "2011.08.06"]
[Round "6"]
[White "Cruz Estrada, Filemon"]
[Black "Delgado Ramos, Hector"]
[Result "1-0"]
[WhiteElo "2406"]
[BlackElo "2488"]
[PlyCount "49"]
[EventDate "2011.08.01"]
[EventType "swiss"]
[EventRounds "9"]
[EventCountry "ESP"]
[SourceTitle "CBM 143 Extra"]
[Source "ChessBase"]
[SourceDate "2011.08.29"]
[SourceVersion "1"]
[SourceVersionDate "2011.08.29"]
[SourceQuality "1"]

1. d4 d5 2. c4 c6 3. Nc3 Nf6 4. e3 e6 5. Nf3 Nbd7 6. Bd3 dxc4 7. Bxc4 b5 8. Bd3 a6 9. e4 c5 10. e5 cxd4 11. Nxb5 axb5 12. exf6 gxf6 13. 0-0 Qb6 14. Be4 Bb7 15. Bxb7 Qxb7 16. Re1 Rg8 17. Bf4 Qd5 18. Qd3 f5 19. a3 Bc5 20. g3 Ke7 21. Ne5 Bb6 22. Rad1 Nxe5 23. Rxe5 Qc4 24. Rxb5 Qxd3 25. Rxd3 1-0

[Event "Badalona op 37th"]
[Site "Badalona"]
[Date "2011.08.05"]
[Round "5"]
[White "Panchanathan, Magesh Chandran"]
[Black "Delgado Ramos, Hector"]
[Result "1-0"]
[WhiteElo "2556"]
[BlackElo "2488"]
[PlyCount "166"]
[EventDate "2011.08.01"]
[EventType "swiss"]
[EventRounds "9"]
[EventCountry "ESP"]
[SourceTitle "CBM 143 Extra"]
[Source "ChessBase"]
[SourceDate "2011.08.29"]
[SourceVersion "1"]
[SourceVersionDate "2011.08.29"]
[SourceQuality "1"]

1. d4 d5 2. c4 c6 3. Nf3 Nf6 4. e3 Bf5 5. Nc3 e6 6. Be2 h6 7. cxd5 exd5 8. 0-0 Bd6 9. Qb3 Qb6 10. Bd2 Nbd7 11. Rfc1 Ne4 12. Be1 0-0 13. Na4 Qxb3 14. axb3 a6 15. Nh4 Bh7 16. f3 Ng5 17. b4 Rfe8 18. Kf2 Re7 19. Bd2 Rae8 20. Bf1 Ne6 21. g3 g5 22. Ng2 g4 23. f4 Nf6 24. Nc5 Bxc5 25. bxc5 Ne4+ 26. Ke1 Nxd4 27. exd4 Nxg3+ 28. Kf2 Ne4+ 29. Ke1 Nxc5+ 30. Kd1 Nb3 31. Ra3 Nxc1 32. Kxc1 Be4 33. Nh4 Kh7 34. Rb3 f6 35. Bb4 Rd7 36. Kd2 Rg8 37. Bc5 Kg7 38. Ke3 Kf7 39. Kf2 Re8 40. Bb4 Bc2 41. Rc3 Bh7 42. Bc5 h5 43. f5 Kg7 44. Rg3 Kh6 45. Bd3 a5 46. Bb6 Ra8 47. Re3 Bg8 48. Kg3 Bf7 49. Kf4 a4 50. Bc2 Kg7 51. Ng2 Ra6 52. Bc5 b6 53. Bd3 Ra8 54. Ba3 Rc7 55. Kg3 c5 56. Nf4 cxd4 57. Ne6+ Bxe6 58. Rxe6 Kf7 59. Rxb6 Re8 60. Kf2 Re3 61. Bd6 Ra7 62. Bf1 Rb3 63. Rxb3 axb3 64. Bg2 Ra5 65. Bb4 Rb5 66. Ba3 Kg7 67. Ke2 Kh6 68. Kd3 Kg5 69. Kxd4 Kxf5 70. Bxd5 h4 71. Bd6 Kg5 72. Bc7 Rb4+ 73. Kc3 Ra4 74. Bxb3 Ra1 75. Bc2 Rg1 76. b4 g3 77. hxg3 hxg3 78. Bb6 Re1 79. Kd2 Re6 80. Bg1 f5 81. b5 f4 82. b6 f3 83. Be3+ Kg4 1-0

[Event "Sitges op 37th"]
[Site "Sitges"]
[Date "2011.07.23"]
[Round "2"]
[White "Delgado Ramos, Hector"]
[Black "Thakur, Akash"]
[Result "1/2-1/2"]
[WhiteElo "2488"]
[BlackElo "2327"]
[PlyCount "77"]
[EventDate "2011.07.22"]
[EventType "swiss"]
[EventRounds "9"]
[EventCountry "ESP"]
[SourceTitle "CBM 143 Extra"]
[Source "ChessBase"]
[SourceDate "2011.08.29"]
[SourceVersion "1"]
[SourceVersionDate "2011.08.29"]
[SourceQuality "1"]

1. d4 d5 2. c4 c6 3. Nc3 Nf6 4. cxd5 cxd5 5. Bf4 Nc6 6. e3 Bf5 7. Bb5 e6 8. Qa4 Qb6 9. Nf3 Nd7 10. 0-0 Be7 11. Qb3 a6 12. Bxc6 bxc6 13. Qxb6 Nxb6 14. Bc7 Nd7 15. Na4 Rc8 16. Ba5 Bc2 17. b3 Ba3 18. Bc3 Ke7 19. Bb2 Bxb2 20. Nxb2 c5 21. Rfc1 Be4 22. dxc5 Bxf3 23. gxf3 Nxc5 24. Rc3 Nd7 25. Rac1 Rxc3 26. Rxc3 Kd6 27. b4 Rb8 28. Nd3 e5 29. Ra3 Rb6 30. Ra5 Nb8 31. a3 Nc6 32. Ra4 a5 33. bxa5 Ra6 34. Kf1 Rxa5 35. Rxa5 Nxa5 36. Ke2 Nc4 37. a4 Kc6 38. e4 dxe4 39. fxe4 1/2-1/2